La Població de Catalunya per altitud (1960-1977) / Marc-Aureli Vila
Descripción Física:
110 p. ; 21 cm
Colección:
Col·lecció Població i Territori ; 1
MARC
| LEADER | 00000nam a2200000Ia 4500 | ||
|---|---|---|---|
| 001 | 578 | ||
| 008 | 160829s1980 xx 000 0 cat d | ||
| 080 | |a M-2-219 | ||
| 100 | |a Vila, Marc-Aureli |9 25625 | ||
| 245 | |a La Població de Catalunya per altitud (1960-1977) / Marc-Aureli Vila | ||
| 260 | |a Barcelona : |b Servei Central de Publicacions de la Generalitat de Catalunya, |c 1980 | ||
| 300 | |a 110 p. ; |c 21 cm | ||
| 490 | |a Col·lecció Població i Territori ; 1 | ||
| 650 | |a Catalunya |x Població |x Altituds |x Estadístiques |9 25626 | ||
| 901 | |a Arxiu | ||
| 942 | |n 1 | ||
| 952 | |0 0 |1 0 |4 0 |6 M2219 |7 1 |9 43709 |a Arxiu |b Arxiu |d 2016-12-01 |l 0 |o M-2-219 |p 578 |r 2016-12-01 00:00:00 |w 2016-12-01 |y ARXIU | ||
| 999 | |c 46257 |d 46257 | ||